Central Library OPAC University of Rajshahi

A history of the Jews / (Record no. 75317)

MARC details
000 -LEADER
fixed length control field 00831cam a2200301 a 4500
001 - CONTROL NUMBER
control field 75317
003 - CONTROL NUMBER IDENTIFIER
rucl marc code BD-RjUL
005 - DATE AND TIME OF LATEST TRANSACTION
control field 20211209082654.0
008 - FIXED-LENGTH DATA ELEMENTS--GENERAL INFORMATION
fixed length control field 701217s1965 nyub b 001 0 eng
035 ## - SYSTEM CONTROL NUMBER
System control number (BD-RjUL)75535
System control number 2177329
040 ## - CATALOGING SOURCE
Original cataloging agency LC
Language of cataloging eng
Transcribing agency LC
Modifying agency SSL
041 ## - LANGUAGE CODE
Language code of text/sound track or separate title eng
082 04 - DEWEY DECIMAL CLASSIFICATION NUMBER
Classification number 956.93
Edition number 23
Author mark and year SAH 1948
100 1# - MAIN ENTRY--PERSONAL NAME
Personal name Sachar, Abram Leon,
Dates associated with a name 1899-
9 (RLIN) 228557
245 12 - TITLE STATEMENT
Title A history of the Jews /
Statement of responsibility, etc. Abram Leon Sachar,
250 ## - EDITION STATEMENT
Edition statement 3rd ed., rev. and enl.
260 ## - PUBLICATION, DISTRIBUTION, ETC. (IMPRINT)
Place of publication, distribution, etc. New York,
Name of publisher, distributor, etc. Alfreed . . Knopf,
Date of publication, distribution, etc. 1948.
300 ## - PHYSICAL DESCRIPTION
Pagination xvi, 436 xvi, p. :
Illustrations 4 fold maps. ;
Size 25 cm.
500 ## - GENERAL NOTE
General note Index : p. i-xvi
504 ## - BIBLIOGRAPHY, ETC. NOTE
Bibliography, etc Bibliography : p. 431-436
650 #0 - SUBJECT ADDED ENTRY--TOPICAL TERM
Topical term or geographic name as entry element Jews
General subdivision History.
9 (RLIN) 228558
942 ## - ADDED ENTRY ELEMENTS (KOHA)
Source of classification or shelving scheme Dewey Decimal Classification
Koha item type Books
Holdings
Lost status Source of classification or shelving scheme Damaged status Not for loan Collection code Permanent Location Current Location Shelving location Date acquired Source of acquisition Cost, normal purchase price Total Checkouts Full call number Date last seen Copy number Koha item type
  Dewey Decimal Classification   Not For Loan Non-fiction Central Library, University of Rajshahi Central Library, University of Rajshahi   09/11/1966 Dhaka : Qureshi 29.00   956.93 SAH 1948 25/02/2019 C-1 Books